000 00450nam a2200181Ia 4500
008 221030s9999 xx 000 0 und d
020 _a8129705826
041 _aEnglish
082 _a105.23
_bMai
100 _aM. Main
245 0 _aData Structures & Other Objects Using C++
_cby M. Main, W. Savitch
250 _a2nd
260 _bPearson Education
_aDelhi
_c2004
300 _a783
650 _aComputers
700 _aW. Savitch
942 _cBK
999 _c2771
_d2771